Central Library OPAC University of Rajshahi

General chemistry and general chemistry with qualitative analysis / (Record no. 9710)

MARC details
000 -LEADER
fixed length control field 00737nam a22002417a 4500
001 - CONTROL NUMBER
control field 9710
003 - CONTROL NUMBER IDENTIFIER
rucl marc code BD-RjUL
005 - DATE AND TIME OF LATEST TRANSACTION
control field 20211208234825.0
008 - FIXED-LENGTH DATA ELEMENTS--GENERAL INFORMATION
fixed length control field 140121s1981 nyua||||| |||| 00| 0 eng d
020 ## - INTERNATIONAL STANDARD BOOK NUMBER
International Standard Book Number 0030581915
035 ## - SYSTEM CONTROL NUMBER
System control number (BD-RjUL) 9755
040 ## - CATALOGING SOURCE
Original cataloging agency BD-RjUL
Language of cataloging eng
Transcribing agency BD-RjUL
041 ## - LANGUAGE CODE
Language code of text/sound track or separate title eng
082 ## - DEWEY DECIMAL CLASSIFICATION NUMBER
Classification number 540
Author mark and year WHG 1981
100 ## - MAIN ENTRY--PERSONAL NAME
Personal name Whitten, Kenneth W
9 (RLIN) 28092
245 ## - TITLE STATEMENT
Title General chemistry and general chemistry with qualitative analysis /
Statement of responsibility, etc. by Kenneth W Whitten; Kenneth D Gailey
260 ## - PUBLICATION, DISTRIBUTION, ETC. (IMPRINT)
Place of publication, distribution, etc. New York :
Name of publisher, distributor, etc. Saunders,
Date of publication, distribution, etc. 1981
300 ## - PHYSICAL DESCRIPTION
Pagination 188 p. :
Illustrations ill. ;
Size 23 cm.
500 ## - GENERAL NOTE
General note Instructor's manual/Solutions manual to Accompany.
650 ## - SUBJECT ADDED ENTRY--TOPICAL TERM
Topical term or geographic name as entry element Chemistry
9 (RLIN) 30024
700 ## - ADDED ENTRY--PERSONAL NAME
Personal name Gailey, Kenneth G.
942 ## - ADDED ENTRY ELEMENTS (KOHA)
Source of classification or shelving scheme Dewey Decimal Classification
Koha item type Books
Holdings
Lost status Source of classification or shelving scheme Damaged status Not for loan Collection code Permanent Location Current Location Shelving location Date acquired Source of acquisition Cost, normal purchase price Total Checkouts Full call number Date last seen Copy number Koha item type
  Dewey Decimal Classification   Not For Loan Non-fiction Central Library, University of Rajshahi Central Library, University of Rajshahi Reading Room 29/10/1990 Canada 0.00   540 WHG 1981 21/01/2014 C-1 Books